Statistics for Terraria Music Boxes

Click here to take the quiz!

General Stats

  • This quiz has been taken 9 times
    (8 since last reset)
  • The average score is 43 of 63

Answer Stats

Answer% Correct
Boss 1
100%
Boss 2
100%
Boss 3
100%
Boss 4
100%
Boss 5
100%
Corruption
100%
Crimson
100%
Duke Fishron
100%
Ocean Day
100%
Ocean Night
100%
Space Day
100%
Space Night
100%
Underground
100%
Alt Overworld Day
75%
Alt Underground
75%
Deerclops
75%
Desert
75%
Eerie
75%
Empress of Light
75%
Goblin Invasion
75%
Hell
75%
Ice
75%
Jungle
75%
Martian Madness
75%
Night
75%
Overworld Day
75%
Pirate Invasion
75%
Plantera
75%
Queen Slime
75%
Slime Rain
75%
Snow
75%
The Hallow
75%
Town Day
75%
Town Night
75%
Underground Corruption
75%
Underground Crimson
75%
Underground Desert
75%
Underground Hallow
75%
Underground Jungle
75%
Windy Day
75%
Aether
50%
Day Remix
50%
Dungeon
50%
Eclipse
50%
Frost Moon
50%
Graveyard
50%
Journey's Beginning
50%
Journey's End
50%
Jungle Night
50%
Lunar Boss
50%
Old One's Army
50%
Rain
50%
Sandstorm
50%
Storm
50%
The Towers
50%
Title
50%
Tutorial
50%
Alt Title
25%
Morning Rain
25%
Mushrooms
25%
Music Box
25%
Pumpkin Moon
25%
Temple
25%

Score Distribution

Percentile by Number Answered

Percent of People with Each Score

Your Score History

You have not taken this quiz since the last reset